Ładuje się......
Nanotechnology: Health and Environmental Risk
| 1. autor: | |
|---|---|
| Format: | Printed Book |
| Wydane: |
CRC
2012
|
| Wydanie: | 2 |
| LEADER | 00326 a2200109 4500 | ||
|---|---|---|---|
| 100 | |a Shakin J (PB) | ||
| 245 | |a Nanotechnology: Health and Environmental Risk | ||
| 250 | |a 2 | ||
| 260 | |c 2012 |b CRC | ||
| 942 | |c BK |6 _ | ||
| 999 | |c 70403 |d 70403 | ||
| 952 | |0 0 |1 0 |4 0 |6 _ |7 0 |9 82481 |a UL |b UL |d 2015-02-02 |e 234 |g 0.00 |p 00073300 |r 2015-03-09 |v 0.00 |w 2015-02-02 |y BK | ||